=LDR 00000nam 2200000 4500 =001 INLIS000000000040441 =005 20130612150015 =008 ***********************************ind** =035 ##$$0010-061300000040441 =041 ##$$a ind =082 ##$$a 658.1 =090 ##$$a 658.1, Cha m =100 ##$$a CHATAB, Nevizoud =245 ##$$a Mengawal pilihan rancangan organisasi organization theony, design dan structured networks, Nevizond chatab =260 ##$$a 2009 $b Bandung =300 ##$$a Vi,330 Hlm, Ilus, 24 cm =650 ##$$a ORGANISASI =850 ##$$a NBPNMAT =990 ##$$a 94581/BPAP-NTB/2014 =990 ##$$a 94583/BPAP-NTB/2014 =990 ##$$a 94584/BPAP-NTB/2014 =990 ##$$a 94585/BPAP-NTB/2014 =990 ##$$a 94586/BPAP-NTB/2014 =990 ##$$a 0001/BPAP-NTB/2015 =990 ##$$a 0001/BPAP-NTB/2016 =990 ##$$a 0001/BPAP-NTB/2016 =990 ##$$a 0001/BPAP-NTB/2016 =990 ##$$a 0001/BPAP-NTB/2016